Velká kniha rétoriky jak s jistotou a přesvědčivě vystupovat při každé příležitosti

Saved in:
Bibliographic Details
Main Author: Bilinski, Wolfgang
Other Authors: Michňová, Iva
Format: Book
Language:Czech
Published: Praha Grada Publishing 2011
Edition:1. vydání
Subjects:
Tags: Add Tag
No Tags, Be the first to tag this record!

MARC

LEADER 00000nam a2200000 4500
001 0247188
005 20240313133630.7
020 |a 978-80-247-3905-2 
041 0 |a cze 
044 |a CZ 
245 1 0 |a Velká kniha rétoriky  |b jak s jistotou a přesvědčivě vystupovat při každé příležitosti  |c Wolfgang Bilinski ; překlad: Iva Michňová 
250 |a 1. vydání 
264 1 |a Praha  |b Grada Publishing  |c 2011 
300 |a 214 s. 
610 2 0 |a rétorika 
610 2 0 |a prejavy 
610 2 0 |a prednášky 
610 2 0 |a prednášatelia 
610 2 0 |a konferencie 
610 2 0 |a pozornosť aktívna 
610 2 0 |a poradenstvo profesionálne 
100 1 |a Bilinski, Wolfgang 
700 1 |a Michňová, Iva